La implementación de un centro de información sobre población migrante /
Guardado en:
| Autor principal: | |
|---|---|
| Otros Autores: | |
| Formato: | Texto |
| Etiquetas: |
Agregar Etiqueta
Sin Etiquetas, Sea el primero en etiquetar este registro!
|
MARC
| LEADER | 00000 a a2200000 04500 | ||
|---|---|---|---|
| 001 | 38808 | ||
| 003 | |||
| 040 | |||
| 090 | |a 1001 I34i | ||
| 100 | |a Ford, Thomas R. | ||
| 245 | |a La implementación de un centro de información sobre población migrante / |c Thomas R. Ford | ||
| 300 | |a 18 p. | ||
| 700 | |a Varela J., Julio |a Zúñiga S., María de los Angeles | ||
| 999 | |c 12291 |d 12291 | ||
